01163nam a2200289Ia 4500001001200000003000800012006001900020007001500039008004100054020001800095020002600113040002100139035002100160050002400181245013700205260005000342300002500392504004100417533015200458650001700610650002400627655002900651710003300680710001700713856012600730999001700856ebr10734898CaPaEBRm o u cr cn|||||||||130728s2013 sz a sb 000 0 eng d z9789221262343 z9789221262350 (ebook) aCaPaEBRcCaPaEBR a(OCoLC)84506450714aHD6231b.W67 2013eb00aWorld report on child labourh[electronic resource] :beconomic vulnerability, social protection and the fight against child labour. aGeneva :bInternational Labour Office,c2013. axxiii, 78 p. :bill. aIncludes bibliographical references. aElectronic reproduction.bPalo Alto, Calif. :cebrary,d2013.nAvailable via World Wide Web.nAccess may be limited to ebrary affiliated libraries. 0aChild labor. 0aAge and employment. 7aElectronic books.2local2 aInternational Labour Office.2 aebrary, Inc.40uhttp://site.ebrary.com/lib/rucke/Doc?id=10734898zAn electronic book accessible through the World Wide Web; click to view c36928d36928